<?xml version="1.0" encoding="UTF-8"?>
<record
    xmlns:xsi="http://www.w3.org/2001/XMLSchema-instance"
    xsi:schemaLocation="http://www.loc.gov/MARC21/slim http://www.loc.gov/standards/marcxml/schema/MARC21slim.xsd"
    xmlns="http://www.loc.gov/MARC21/slim">

  <leader>01935namaa22004091i 4500</leader>
  <controlfield tag="003">EG-GICUC</controlfield>
  <controlfield tag="005">20260604123117.0</controlfield>
  <controlfield tag="008">260601m201u9999ua a|||jr|||| 000 0 ara d</controlfield>
  <datafield tag="017" ind1=" " ind2=" ">
    <subfield code="a">2013 / 3722 (v.3)</subfield>
    <subfield code="a">2016 / 27264 (v.4)</subfield>
    <subfield code="a">2022 / 26672 (v.5)</subfield>
    <subfield code="a">2010 / 3017 (v.6)</subfield>
    <subfield code="b">&#x62F;&#x627;&#x631; &#x627;&#x644;&#x643;&#x62A;&#x628; &#x648;&#x627;&#x644;&#x648;&#x62B;&#x627;&#x626;&#x642; &#x627;&#x644;&#x642;&#x648;&#x645;&#x64A;&#x629; (&#x645;&#x635;&#x631;) </subfield>
  </datafield>
  <datafield tag="020" ind1=" " ind2=" ">
    <subfield code="a">9789777187435 (v.3)</subfield>
  </datafield>
  <datafield tag="020" ind1=" " ind2=" ">
    <subfield code="a">9789779209296 (v.4)</subfield>
  </datafield>
  <datafield tag="020" ind1=" " ind2=" ">
    <subfield code="a">9789779223797 (v.5)</subfield>
  </datafield>
  <datafield tag="020" ind1=" " ind2=" ">
    <subfield code="a">9789774798523 (v.6)</subfield>
  </datafield>
  <datafield tag="040" ind1=" " ind2=" ">
    <subfield code="a">EG-GiCUC</subfield>
    <subfield code="b">ara</subfield>
    <subfield code="c">EG-GiCUC</subfield>
    <subfield code="d">EG-GiCUC</subfield>
    <subfield code="e">rda</subfield>
  </datafield>
  <datafield tag="043" ind1=" " ind2=" ">
    <subfield code="a">f-ua--- </subfield>
    <subfield code="a">a-is---</subfield>
  </datafield>
  <datafield tag="082" ind1="0" ind2="4">
    <subfield code="2">21</subfield>
    <subfield code="a">956.04</subfield>
    <subfield code="b">M462</subfield>
  </datafield>
  <datafield tag="092" ind1="0" ind2="4">
    <subfield code="2">21</subfield>
    <subfield code="a">956.04</subfield>
    <subfield code="b">M462</subfield>
  </datafield>
  <datafield tag="099" ind1=" " ind2=" ">
    <subfield code="a">956.04 M462</subfield>
  </datafield>
  <datafield tag="100" ind1="1" ind2=" ">
    <subfield code="e">&#x645;&#x624;&#x644;&#x641;.</subfield>
  </datafield>
  <datafield tag="245" ind1=" " ind2=" ">
    <subfield code="a">&#x645;&#x648;&#x633;&#x648;&#x639;&#x629; &#x645;&#x635;&#x631; &#x648;&#x627;&#x644;&#x642;&#x636;&#x64A;&#x629; &#x627;&#x644;&#x641;&#x644;&#x633;&#x637;&#x64A;&#x646;&#x64A;&#x629; / </subfield>
    <subfield code="c">&#x62A;&#x62D;&#x631;&#x64A;&#x631; &#x639;&#x627;&#x62F;&#x644; &#x62D;&#x633;&#x646; &#x63A;&#x646;&#x64A;&#x645;</subfield>
  </datafield>
  <datafield tag="250" ind1=" " ind2=" ">
    <subfield code="a">&#x627;&#x644;&#x637;&#x628;&#x639;&#x629; &#x627;&#x644;&#x627;&#x648;&#x644;&#x649;</subfield>
  </datafield>
  <datafield tag="264" ind1=" " ind2=" ">
    <subfield code="a">&#x627;&#x644;&#x642;&#x627;&#x647;&#x631;&#x629; (&#x645;&#x635;&#x631;) :</subfield>
    <subfield code="b">&#x627;&#x644;&#x645;&#x62C;&#x644;&#x633; &#x627;&#x644;&#x623;&#x639;&#x644;&#x649; &#x644;&#x644;&#x62B;&#x642;&#x627;&#x641;&#x629;&#x60C;</subfield>
    <subfield code="c">201-</subfield>
  </datafield>
  <datafield tag="300" ind1=" " ind2=" ">
    <subfield code="a">&#x645;&#x62C;&#x644;&#x62F;&#x627;&#x62A; 4 &#x641;&#x649; 8 :</subfield>
    <subfield code="b">&#x625;&#x64A;&#x636;&#x627;&#x62D;&#x64A;&#x627;&#x62A; &#x61B; </subfield>
    <subfield code="c">24 &#x633;&#x645;</subfield>
  </datafield>
  <datafield tag="336" ind1=" " ind2=" ">
    <subfield code="2">rdacontent</subfield>
    <subfield code="a">text</subfield>
  </datafield>
  <datafield tag="337" ind1=" " ind2=" ">
    <subfield code="2">rdamedia</subfield>
    <subfield code="a">Unmediated</subfield>
  </datafield>
  <datafield tag="338" ind1=" " ind2=" ">
    <subfield code="2">rdacarrier</subfield>
    <subfield code="a">volume</subfield>
  </datafield>
  <datafield tag="500" ind1=" " ind2=" ">
    <subfield code="a">&#x627;&#x644;&#x645;&#x643;&#x62A;&#x628;&#x629; &#x62A;&#x642;&#x62A;&#x646;&#x649; &#x641;&#x642;&#x637; &#x627;&#x644;&#x645;&#x62C;&#x644;&#x62F; &#x627;&#x644;&#x62B;&#x627;&#x644;&#x62B; &#x648;&#x627;&#x644;&#x631;&#x627;&#x628;&#x639; &#x648;&#x627;&#x644;&#x62E;&#x627;&#x645;&#x633; &#x648;&#x627;&#x644;&#x633;&#x627;&#x62F;&#x633;</subfield>
  </datafield>
  <datafield tag="504" ind1=" " ind2=" ">
    <subfield code="a">&#x64A;&#x634;&#x62A;&#x645;&#x644; &#x639;&#x644;&#x649; &#x627;&#x631;&#x62C;&#x627;&#x639;&#x627;&#x62A; &#x628;&#x628;&#x644;&#x64A;&#x648;&#x62C;&#x631;&#x627;&#x641;&#x64A;&#x629;</subfield>
  </datafield>
  <datafield tag="505" ind1=" " ind2=" ">
    <subfield code="a">&#x627;&#x644;&#x645;&#x62C;&#x644;&#x62F; &#x627;&#x644;&#x62B;&#x627;&#x644;&#x62B;. &#x627;&#x644;&#x639;&#x62F;&#x648;&#x627;&#x646; &#x627;&#x644;&#x62B;&#x644;&#x627;&#x62B;&#x649; -- &#x627;&#x644;&#x645;&#x62C;&#x644;&#x62F; &#x627;&#x644;&#x631;&#x627;&#x628;&#x639;.&#x645;&#x646; &#x627;&#x644;&#x639;&#x62F;&#x648;&#x627;&#x646; &#x627;&#x644;&#x62B;&#x644;&#x627;&#x62B;&#x649; &#x625;&#x644;&#x649; &#x62D;&#x631;&#x628; 1967 -- &#x627;&#x644;&#x645;&#x62C;&#x644;&#x62F; &#x627;&#x644;&#x62E;&#x627;&#x645;&#x633;. &#x62D;&#x631;&#x628; 1967 --&#x627;&#x644;&#x645;&#x62C;&#x644;&#x62F; &#x627;&#x644;&#x633;&#x627;&#x62F;&#x633;. &#x645;&#x642;&#x62F;&#x645;&#x627;&#x62A; &#x62D;&#x631;&#x628; 1973 </subfield>
  </datafield>
  <datafield tag="541" ind1=" " ind2=" ">
    <subfield code="a">&#x648;&#x632;&#x627;&#x631;&#x629; &#x627;&#x644;&#x62B;&#x642;&#x627;&#x641;&#x629; &#x61B;</subfield>
    <subfield code="b">&#x627;&#x644;&#x642;&#x627;&#x647;&#x631;&#x629; &#x61B;</subfield>
    <subfield code="c">&#x625;&#x647;&#x62F;&#x627;&#x621; &#x61B;</subfield>
    <subfield code="d">2023.</subfield>
  </datafield>
  <datafield tag="650" ind1="1" ind2="7">
    <subfield code="a">&#x627;&#x644;&#x646;&#x632;&#x644;&#x639; &#x627;&#x644;&#x639;&#x631;&#x628;&#x649; &#x627;&#x644;&#x627;&#x633;&#x631;&#x627;&#x626;&#x64A;&#x644;&#x649;</subfield>
    <subfield code="2">qrmak</subfield>
  </datafield>
  <datafield tag="650" ind1="1" ind2="7">
    <subfield code="a">&#x627;&#x644;&#x642;&#x636;&#x64A;&#x629; &#x627;&#x644;&#x641;&#x644;&#x633;&#x637;&#x64A;&#x646;&#x64A;&#x629;</subfield>
    <subfield code="2">qrmak</subfield>
  </datafield>
  <datafield tag="651" ind1="1" ind2=" ">
    <subfield code="2">qrmak</subfield>
    <subfield code="a">&#x645;&#x635;&#x631; </subfield>
    <subfield code="x">&#x627;&#x644;&#x639;&#x644;&#x627;&#x642;&#x627;&#x62A; &#x627;&#x644;&#x62E;&#x627;&#x631;&#x62C;&#x64A;&#x629;</subfield>
    <subfield code="z">&#x641;&#x644;&#x633;&#x637;&#x64A;&#x646;</subfield>
  </datafield>
  <datafield tag="700" ind1="1" ind2=" ">
    <subfield code="a">&#x63A;&#x646;&#x64A;&#x645;&#x60C; &#x639;&#x627;&#x62F;&#x644; &#x62D;&#x633;&#x64A;&#x646;</subfield>
    <subfield code="e">&#x645;&#x62D;&#x631;&#x631;.</subfield>
  </datafield>
  <datafield tag="905" ind1=" " ind2=" ">
    <subfield code="a">Huda</subfield>
  </datafield>
  <datafield tag="942" ind1=" " ind2=" ">
    <subfield code="2">ddc</subfield>
    <subfield code="c">BK</subfield>
    <subfield code="e">21</subfield>
    <subfield code="n">0</subfield>
  </datafield>
  <datafield tag="999" ind1=" " ind2=" ">
    <subfield code="c">180330</subfield>
    <subfield code="d">180330</subfield>
  </datafield>
  <datafield tag="952" ind1=" " ind2=" ">
    <subfield code="0">0</subfield>
    <subfield code="1">0</subfield>
    <subfield code="2">ddc</subfield>
    <subfield code="4">0</subfield>
    <subfield code="7">1</subfield>
    <subfield code="a">CUCL</subfield>
    <subfield code="b">cl228</subfield>
    <subfield code="d">2026-06-01</subfield>
    <subfield code="i">170391</subfield>
    <subfield code="l">0</subfield>
    <subfield code="o">956.04 M462 v.3 pt.1 c.1 Ref.</subfield>
    <subfield code="p">01000100170391003</subfield>
    <subfield code="r">2026-06-01 14:48:00</subfield>
    <subfield code="w">2026-06-01</subfield>
    <subfield code="y">REF</subfield>
  </datafield>
  <datafield tag="952" ind1=" " ind2=" ">
    <subfield code="0">0</subfield>
    <subfield code="1">0</subfield>
    <subfield code="2">ddc</subfield>
    <subfield code="4">0</subfield>
    <subfield code="7">1</subfield>
    <subfield code="a">CUCL</subfield>
    <subfield code="b">cl228</subfield>
    <subfield code="d">2026-06-01</subfield>
    <subfield code="i">170392</subfield>
    <subfield code="l">0</subfield>
    <subfield code="o">956.04 M462 v.3 pt.1 c.2 Ref.</subfield>
    <subfield code="p">01000100170392003</subfield>
    <subfield code="r">2026-06-01 14:52:00</subfield>
    <subfield code="w">2026-06-01</subfield>
    <subfield code="y">REF</subfield>
  </datafield>
  <datafield tag="952" ind1=" " ind2=" ">
    <subfield code="0">0</subfield>
    <subfield code="1">0</subfield>
    <subfield code="2">ddc</subfield>
    <subfield code="4">0</subfield>
    <subfield code="7">1</subfield>
    <subfield code="a">CUCL</subfield>
    <subfield code="b">cl228</subfield>
    <subfield code="d">2026-06-01</subfield>
    <subfield code="i">170393</subfield>
    <subfield code="l">0</subfield>
    <subfield code="o">956.04 M462 v.3 pt.1 c.3 Ref.</subfield>
    <subfield code="p">01000100170393003</subfield>
    <subfield code="r">2026-06-01 14:54:00</subfield>
    <subfield code="w">2026-06-01</subfield>
    <subfield code="y">REF</subfield>
  </datafield>
  <datafield tag="952" ind1=" " ind2=" ">
    <subfield code="0">0</subfield>
    <subfield code="1">0</subfield>
    <subfield code="2">ddc</subfield>
    <subfield code="4">0</subfield>
    <subfield code="7">1</subfield>
    <subfield code="a">CUCL</subfield>
    <subfield code="b">cl228</subfield>
    <subfield code="d">2026-06-01</subfield>
    <subfield code="i">170391</subfield>
    <subfield code="l">0</subfield>
    <subfield code="o">956.04 M462 v.3 pt.2 c.1 Ref.</subfield>
    <subfield code="p">01000100170391004</subfield>
    <subfield code="r">2026-06-01 14:55:00</subfield>
    <subfield code="w">2026-06-01</subfield>
    <subfield code="y">REF</subfield>
  </datafield>
  <datafield tag="952" ind1=" " ind2=" ">
    <subfield code="0">0</subfield>
    <subfield code="1">0</subfield>
    <subfield code="2">ddc</subfield>
    <subfield code="4">0</subfield>
    <subfield code="7">1</subfield>
    <subfield code="a">CUCL</subfield>
    <subfield code="b">cl228</subfield>
    <subfield code="d">2026-06-01</subfield>
    <subfield code="i">170392</subfield>
    <subfield code="l">0</subfield>
    <subfield code="o">956.04 M462 v.3 pt.2 c.2 Ref.</subfield>
    <subfield code="p">01000100170392004</subfield>
    <subfield code="r">2026-06-01 14:56:00</subfield>
    <subfield code="w">2026-06-01</subfield>
    <subfield code="y">REF</subfield>
  </datafield>
  <datafield tag="952" ind1=" " ind2=" ">
    <subfield code="0">0</subfield>
    <subfield code="1">0</subfield>
    <subfield code="2">ddc</subfield>
    <subfield code="4">0</subfield>
    <subfield code="7">1</subfield>
    <subfield code="a">CUCL</subfield>
    <subfield code="b">cl228</subfield>
    <subfield code="d">2026-06-01</subfield>
    <subfield code="i">170393</subfield>
    <subfield code="l">0</subfield>
    <subfield code="o">956.04 M462 v.3 pt.2 c.3 Ref.</subfield>
    <subfield code="p">01000100170393004</subfield>
    <subfield code="r">2026-06-01 14:57:00</subfield>
    <subfield code="w">2026-06-01</subfield>
    <subfield code="y">REF</subfield>
  </datafield>
  <datafield tag="952" ind1=" " ind2=" ">
    <subfield code="0">0</subfield>
    <subfield code="1">0</subfield>
    <subfield code="2">ddc</subfield>
    <subfield code="4">0</subfield>
    <subfield code="7">1</subfield>
    <subfield code="a">CUCL</subfield>
    <subfield code="b">cl228</subfield>
    <subfield code="d">2026-06-01</subfield>
    <subfield code="i">170391</subfield>
    <subfield code="l">0</subfield>
    <subfield code="o">956.04 M462 v.4 pt.1 c.1 Ref.</subfield>
    <subfield code="p">01000100170391005</subfield>
    <subfield code="r">2026-06-01 14:59:00</subfield>
    <subfield code="w">2026-06-01</subfield>
    <subfield code="y">REF</subfield>
  </datafield>
  <datafield tag="952" ind1=" " ind2=" ">
    <subfield code="0">0</subfield>
    <subfield code="1">0</subfield>
    <subfield code="2">ddc</subfield>
    <subfield code="4">0</subfield>
    <subfield code="7">1</subfield>
    <subfield code="a">CUCL</subfield>
    <subfield code="b">cl228</subfield>
    <subfield code="d">2026-06-01</subfield>
    <subfield code="i">170392</subfield>
    <subfield code="l">0</subfield>
    <subfield code="o">956.04 M462 v.4 pt.1 c.2 Ref.</subfield>
    <subfield code="p">01000100170392005</subfield>
    <subfield code="r">2026-06-01 15:00:00</subfield>
    <subfield code="w">2026-06-01</subfield>
    <subfield code="y">REF</subfield>
  </datafield>
  <datafield tag="952" ind1=" " ind2=" ">
    <subfield code="0">0</subfield>
    <subfield code="1">0</subfield>
    <subfield code="2">ddc</subfield>
    <subfield code="4">0</subfield>
    <subfield code="7">1</subfield>
    <subfield code="a">CUCL</subfield>
    <subfield code="b">cl228</subfield>
    <subfield code="d">2026-06-01</subfield>
    <subfield code="i">170393</subfield>
    <subfield code="l">0</subfield>
    <subfield code="o">956.04 M462 v.4 pt.1 c.3 Ref.</subfield>
    <subfield code="p">01000100170393005</subfield>
    <subfield code="r">2026-06-01 15:01:00</subfield>
    <subfield code="w">2026-06-01</subfield>
    <subfield code="y">REF</subfield>
  </datafield>
  <datafield tag="952" ind1=" " ind2=" ">
    <subfield code="0">0</subfield>
    <subfield code="1">0</subfield>
    <subfield code="2">ddc</subfield>
    <subfield code="4">0</subfield>
    <subfield code="7">1</subfield>
    <subfield code="a">CUCL</subfield>
    <subfield code="b">cl228</subfield>
    <subfield code="d">2026-06-01</subfield>
    <subfield code="i">170391</subfield>
    <subfield code="l">0</subfield>
    <subfield code="o">956.04 M462 v.4 pt.2 c.1 Ref.</subfield>
    <subfield code="p">01000100170391006</subfield>
    <subfield code="r">2026-06-01 15:03:00</subfield>
    <subfield code="w">2026-06-01</subfield>
    <subfield code="y">REF</subfield>
  </datafield>
  <datafield tag="952" ind1=" " ind2=" ">
    <subfield code="0">0</subfield>
    <subfield code="1">0</subfield>
    <subfield code="2">ddc</subfield>
    <subfield code="4">0</subfield>
    <subfield code="7">1</subfield>
    <subfield code="a">CUCL</subfield>
    <subfield code="b">cl228</subfield>
    <subfield code="d">2026-06-01</subfield>
    <subfield code="i">170392</subfield>
    <subfield code="l">0</subfield>
    <subfield code="o">956.04 M462 v.4 pt.2 c.2 Ref.</subfield>
    <subfield code="p">01000100170392006</subfield>
    <subfield code="r">2026-06-01 15:04:00</subfield>
    <subfield code="w">2026-06-01</subfield>
    <subfield code="y">REF</subfield>
  </datafield>
  <datafield tag="952" ind1=" " ind2=" ">
    <subfield code="0">0</subfield>
    <subfield code="1">0</subfield>
    <subfield code="2">ddc</subfield>
    <subfield code="4">0</subfield>
    <subfield code="7">1</subfield>
    <subfield code="a">CUCL</subfield>
    <subfield code="b">cl228</subfield>
    <subfield code="d">2026-06-01</subfield>
    <subfield code="i">170393</subfield>
    <subfield code="l">0</subfield>
    <subfield code="o">956.04 M462 v.4 pt.2 c.3 Ref.</subfield>
    <subfield code="p">01000100170393006</subfield>
    <subfield code="r">2026-06-01 15:05:00</subfield>
    <subfield code="w">2026-06-01</subfield>
    <subfield code="y">REF</subfield>
  </datafield>
  <datafield tag="952" ind1=" " ind2=" ">
    <subfield code="0">0</subfield>
    <subfield code="1">0</subfield>
    <subfield code="2">ddc</subfield>
    <subfield code="4">0</subfield>
    <subfield code="7">1</subfield>
    <subfield code="a">CUCL</subfield>
    <subfield code="b">cl228</subfield>
    <subfield code="d">2026-06-01</subfield>
    <subfield code="i">170391</subfield>
    <subfield code="l">0</subfield>
    <subfield code="o">956.04 M462 v.5 pt.1 c.1 Ref.</subfield>
    <subfield code="p">01000100170391007</subfield>
    <subfield code="r">2026-06-01 15:07:00</subfield>
    <subfield code="w">2026-06-01</subfield>
    <subfield code="y">REF</subfield>
  </datafield>
  <datafield tag="952" ind1=" " ind2=" ">
    <subfield code="0">0</subfield>
    <subfield code="1">0</subfield>
    <subfield code="2">ddc</subfield>
    <subfield code="4">0</subfield>
    <subfield code="7">1</subfield>
    <subfield code="a">CUCL</subfield>
    <subfield code="b">cl228</subfield>
    <subfield code="d">2026-06-01</subfield>
    <subfield code="i">170392</subfield>
    <subfield code="l">0</subfield>
    <subfield code="o">956.04 M462 v.5 pt.1 c.2 Ref.</subfield>
    <subfield code="p">01000100170392007</subfield>
    <subfield code="r">2026-06-01 15:11:00</subfield>
    <subfield code="w">2026-06-01</subfield>
    <subfield code="y">REF</subfield>
  </datafield>
  <datafield tag="952" ind1=" " ind2=" ">
    <subfield code="0">0</subfield>
    <subfield code="1">0</subfield>
    <subfield code="2">ddc</subfield>
    <subfield code="4">0</subfield>
    <subfield code="7">1</subfield>
    <subfield code="a">CUCL</subfield>
    <subfield code="b">cl228</subfield>
    <subfield code="d">2026-06-01</subfield>
    <subfield code="i">170393</subfield>
    <subfield code="l">0</subfield>
    <subfield code="o">956.04 M462 v.5 pt.1 c.3 Ref.</subfield>
    <subfield code="p">01000100170393007</subfield>
    <subfield code="r">2026-06-01 15:12:00</subfield>
    <subfield code="w">2026-06-01</subfield>
    <subfield code="y">REF</subfield>
  </datafield>
  <datafield tag="952" ind1=" " ind2=" ">
    <subfield code="0">0</subfield>
    <subfield code="1">0</subfield>
    <subfield code="2">ddc</subfield>
    <subfield code="4">0</subfield>
    <subfield code="7">1</subfield>
    <subfield code="a">CUCL</subfield>
    <subfield code="b">cl228</subfield>
    <subfield code="d">2026-06-01</subfield>
    <subfield code="i">170391</subfield>
    <subfield code="l">0</subfield>
    <subfield code="o">956.04 M462 v.5 pt.2 c.1 Ref.</subfield>
    <subfield code="p">01000100170391008</subfield>
    <subfield code="r">2026-06-01 15:14:00</subfield>
    <subfield code="w">2026-06-01</subfield>
    <subfield code="y">BK</subfield>
  </datafield>
  <datafield tag="952" ind1=" " ind2=" ">
    <subfield code="0">0</subfield>
    <subfield code="1">0</subfield>
    <subfield code="2">ddc</subfield>
    <subfield code="4">0</subfield>
    <subfield code="7">1</subfield>
    <subfield code="a">CUCL</subfield>
    <subfield code="b">cl228</subfield>
    <subfield code="d">2026-06-01</subfield>
    <subfield code="i">170392</subfield>
    <subfield code="l">0</subfield>
    <subfield code="o">956.04 M462 v.5 pt.2 c.2 Ref.</subfield>
    <subfield code="p">01000100170392008</subfield>
    <subfield code="r">2026-06-01 15:16:00</subfield>
    <subfield code="w">2026-06-01</subfield>
    <subfield code="y">REF</subfield>
  </datafield>
  <datafield tag="952" ind1=" " ind2=" ">
    <subfield code="0">0</subfield>
    <subfield code="1">0</subfield>
    <subfield code="2">ddc</subfield>
    <subfield code="4">0</subfield>
    <subfield code="7">1</subfield>
    <subfield code="a">CUCL</subfield>
    <subfield code="b">cl228</subfield>
    <subfield code="d">2026-06-01</subfield>
    <subfield code="i">170393</subfield>
    <subfield code="l">0</subfield>
    <subfield code="o">956.04 M462 v.5 pt.2 c.3 Ref. </subfield>
    <subfield code="p">01000100170393008</subfield>
    <subfield code="r">2026-06-01 15:16:00</subfield>
    <subfield code="w">2026-06-01</subfield>
    <subfield code="y">REF</subfield>
  </datafield>
  <datafield tag="952" ind1=" " ind2=" ">
    <subfield code="0">0</subfield>
    <subfield code="1">0</subfield>
    <subfield code="2">ddc</subfield>
    <subfield code="4">0</subfield>
    <subfield code="7">1</subfield>
    <subfield code="a">CUCL</subfield>
    <subfield code="b">cl228</subfield>
    <subfield code="d">2026-06-01</subfield>
    <subfield code="i">170391</subfield>
    <subfield code="l">0</subfield>
    <subfield code="o">956.04 M462 v.6 pt.1 c.1 Ref.</subfield>
    <subfield code="p">01000100170391009</subfield>
    <subfield code="r">2026-06-01 15:17:00</subfield>
    <subfield code="w">2026-06-01</subfield>
    <subfield code="y">REF</subfield>
  </datafield>
  <datafield tag="952" ind1=" " ind2=" ">
    <subfield code="0">0</subfield>
    <subfield code="1">0</subfield>
    <subfield code="2">ddc</subfield>
    <subfield code="4">0</subfield>
    <subfield code="7">1</subfield>
    <subfield code="a">CUCL</subfield>
    <subfield code="b">cl228</subfield>
    <subfield code="d">2026-06-01</subfield>
    <subfield code="i">170392</subfield>
    <subfield code="l">0</subfield>
    <subfield code="o">956.04 M462 v.6 pt.1 c.2 Ref.</subfield>
    <subfield code="p">01000100170392009</subfield>
    <subfield code="r">2026-06-01 15:19:00</subfield>
    <subfield code="w">2026-06-01</subfield>
    <subfield code="y">REF</subfield>
  </datafield>
  <datafield tag="952" ind1=" " ind2=" ">
    <subfield code="0">0</subfield>
    <subfield code="1">0</subfield>
    <subfield code="2">ddc</subfield>
    <subfield code="4">0</subfield>
    <subfield code="7">1</subfield>
    <subfield code="a">CUCL</subfield>
    <subfield code="b">cl228</subfield>
    <subfield code="d">2026-06-01</subfield>
    <subfield code="i">170393</subfield>
    <subfield code="l">0</subfield>
    <subfield code="o">956.04 M462 v.6 pt.1 c.3 Ref.</subfield>
    <subfield code="p">01000100170393009</subfield>
    <subfield code="r">2026-06-01 15:20:00</subfield>
    <subfield code="w">2026-06-01</subfield>
    <subfield code="y">REF</subfield>
  </datafield>
  <datafield tag="952" ind1=" " ind2=" ">
    <subfield code="0">0</subfield>
    <subfield code="1">0</subfield>
    <subfield code="2">ddc</subfield>
    <subfield code="4">0</subfield>
    <subfield code="7">1</subfield>
    <subfield code="a">CUCL</subfield>
    <subfield code="b">cl228</subfield>
    <subfield code="d">2026-06-01</subfield>
    <subfield code="i">170391</subfield>
    <subfield code="l">0</subfield>
    <subfield code="o">956.04 M462 v.6 pt.2 c.1 Ref.</subfield>
    <subfield code="p">01000100170391010</subfield>
    <subfield code="r">2026-06-01 15:21:00</subfield>
    <subfield code="w">2026-06-01</subfield>
    <subfield code="y">REF</subfield>
  </datafield>
  <datafield tag="952" ind1=" " ind2=" ">
    <subfield code="0">0</subfield>
    <subfield code="1">0</subfield>
    <subfield code="2">ddc</subfield>
    <subfield code="4">0</subfield>
    <subfield code="7">1</subfield>
    <subfield code="a">CUCL</subfield>
    <subfield code="b">cl228</subfield>
    <subfield code="d">2026-06-01</subfield>
    <subfield code="i">170392</subfield>
    <subfield code="l">0</subfield>
    <subfield code="o">956.04 M462 v.6 pt.2 c.2 Ref.</subfield>
    <subfield code="p">01000100170392010</subfield>
    <subfield code="r">2026-06-01 15:22:00</subfield>
    <subfield code="w">2026-06-01</subfield>
    <subfield code="y">REF</subfield>
  </datafield>
  <datafield tag="952" ind1=" " ind2=" ">
    <subfield code="0">0</subfield>
    <subfield code="1">0</subfield>
    <subfield code="2">ddc</subfield>
    <subfield code="4">0</subfield>
    <subfield code="7">1</subfield>
    <subfield code="a">CUCL</subfield>
    <subfield code="b">cl228</subfield>
    <subfield code="d">2026-06-01</subfield>
    <subfield code="i">170393</subfield>
    <subfield code="l">0</subfield>
    <subfield code="o">956.04 M462 v.6 pt.2 c.3 Ref.</subfield>
    <subfield code="p">01000100170393010</subfield>
    <subfield code="r">2026-06-01 15:23:00</subfield>
    <subfield code="w">2026-06-01</subfield>
    <subfield code="y">REF</subfield>
  </datafield>
</record>
